Представление документа в формате RUSMARC

ПолеНазваниеЗначение
  Тип записи a
  Библиографический уровень m
001 Контрольный номер RU/SLIB/B/208762287
005 Дата корректировки 20221122113708.7
010 Индекс ISBN __
d Цена 1-10
101 Язык документа 0_
a Язык текста rus
200 Заглавие и сведения об ответственности 1_
a Заглавие Собрание сочинений
b Общее обозначение материала Текст
h Номер части Т. 1
210 Выходные данные 1_
a Место издания М.
c Издательство Дет. лит.
d Дата издания 1979
215 Физическое описание __
a Объем 464 с.
606 Тематические рубрики __
a Основная рубрика Художественная литература
606 Тематические рубрики __
a Основная рубрика Русская литература XX в. (произведения)
610 Ключевые слова 0_
a Ключевые слова повести; проза
686 Индексы других классификаций __
a Классификационный индекс 84(2Рос=Рус)6-4; ст84(2Рос=Рус)6-4
700 Автор _1
a Фамилия Алексин
b Имя А. Г.
4 Код отношения 070
801 Источник записи _0
a Страна RU
b Организация Муниципальное бюджетное учреждение культуры "Централизованная библиотечная система" г. Сургут (Центральная городская библиотека им. А. С. Пушкина)
g Правила каталогизации КиК/Михайлова
801 Источник записи _1
a Страна RU
b Организация Муниципальное бюджетное учреждение культуры "Централизованная библиотечная система" г. Сургут (Центральная городская библиотека им. А. С. Пушкина)
g Правила каталогизации КиК/Михайлова
852 Данные о местонахождении __
j Шифр хранения 84(2Рос=Рус)6-4
i Авторский знак А 48
p Инвентарный номер 7978; 142931(с); 142929(с); 142930(с)
901 Тип документа __
t Тип документа m
990 Данные о заказе (DOS) __
j Количество экземпляров (DOS) 3; 1
t N записи в КСУ для И/У (DOS) 199101